2017 NFL Draft First Round - Statistics

General Stats
  • This quiz has been taken 202 times
  • The average score is 10 of 32
Answer Stats
Hint Answer % Correct
Cleveland Browns Myles Garrett
96%
Chicago Bears Mitchell Trubisky
86%
#10 Patrick Mahomes
67%
San Francisco 49ers Solomon Thomas
62%
Jacksonville Jaguars Leonard Fournette
59%
#12 Deshaun Watson
55%
Tennessee Titans Corey Davis
53%
#21 Jarrad Davis
51%
San Diego Chargers Mike Williams
49%
New York Jets Jamal Adams
46%
#9 John Ross
32%
#11 Marshon Lattimore
31%
#17 Jonathan Allen
27%
#30 T.J. Watt
25%
#8 Christian McCaffrey
21%
#18 Adoree Jackson
20%
#27 Tre'Davious White
20%
#13 Haason Reddick
19%
#29 David Njoku
18%
#14 Derek Barnett
17%
#25 Jabrill Peppers
17%
#31 Reuben Foster
17%
#32 Ryan Ramczyk
17%
#28 Taco Charlton
17%
#15 Malik Hooker
16%
#23 Evan Engram
15%
#20 Garett Bolles
15%
#19 O.J. Howard
15%
#26 Takkarist McKinley
13%
#24 Gareon Conley
10%
#22 Charles Harris
9%
#16 Marlon Humphreys
5%
No matching quizzes found
Score Distribution
Percent of People with Each Score
Percentile by Number Answered
Your Score History
You have not taken this quiz